000 00492nam a22001577a 4500
003 macl
005 20200807152750.0
008 200807b xxu||||| |||| 00| 0 eng d
040 _cmacl
082 _a741.642
100 _aभट्ट,सोमदेव
_979346
245 _aकथा सरित्‍सागर
260 _aदिल्‍ली
_bनवयुग साहित्‍य
_c2016
650 _aचिल्‍ड्रर्न बुक
_967889
942 _2ddc
_cHIN
999 _c62919
_d62919